000 00592nam a2200181 i 4500
001 100037
003 ES-MaACL
005 20250915063041.0
007 t|
008 050921s1957 sp ||||1| spa d
100 1 _aMartínez Val, José María,
_d1916-
_978455
245 1 3 _aEl arrepentimiento espontáneo /
_cJosé María Martínez Val.
260 _aMadrid :
_bReus,
_c1957.
300 _a55 p. :
_bil. ;
_c25 cm.
500 _aEs publicación en la Revista General de Legislación y Jurisprudencia. Octubre, 1957.
852 _aES-MaACL
_j2000-F-14
_bR.41401
999 _c100037
_d100037